[Event "BCF-chT3N 1920 (4NCL)"]
[Site "England"]
[Date "2020.01.11"]
[Round "3.52"]
[White "Hodge, Steve R"]
[Black "Sakic, Lorand"]
[Result "1/2-1/2"]
[WhiteElo "1982"]
[BlackElo "2035"]
[PlyCount "97"]
[EventDate "2019.11.09"]
[EventType "team-swiss"]
[EventRounds "11"]
[EventCountry "ENG"]
[SourceTitle "EXT 2022"]
[Source "ChessBase"]
[SourceDate "2021.10.06"]
[SourceVersion "1"]
[SourceVersionDate "2021.10.06"]
[SourceQuality "1"]
[WhiteTeam "Jorvik"]
[BlackTeam "Bolton & Worsley"]
[WhiteTeamCountry "ENG"]
[BlackTeamCountry "ENG"]

1. e4 c5 2. Nf3 d6 3. Bb5+ Nd7 4. Ba4 a6 5. c4 e5 6. 0-0 Be7 7. d3 Ngf6 8. Nc3 0-0 9. h3 Nb6 10. Bc2 Bd7 11. Nh2 Nc8 12. f4 exf4 13. Bxf4 b5 14. Kh1 Nb6 15. b3 Bc6 16. Nd5 Nbxd5 17. exd5 Bd7 18. Qf3 Ne8 19. Rae1 f5 20. Qe2 Bh4 21. g3 Bf6 22. h4 g6 23. Nf3 Qc7 24. Bg5 Bc3 25. Bd2 Bxd2 26. Qxd2 Ng7 27. Ng5 Rae8 28. Bd1 b4 29. Nh3 Qd8 30. Qh6 Rxe1 31. Rxe1 Ne8 32. h5 Qf6 33. Ng5 Qg7 34. Qxh7+ Qxh7 35. Nxh7 Kxh7 36. Re7+ Kh6 37. Rxd7 gxh5 38. Kg2 Rg8 39. Kf2 Rg7 40. Rxg7 Nxg7 41. Ke3 Kg5 42. d4 cxd4+ 43. Kxd4 f4 44. gxf4+ Kxf4 45. Bxh5 Nxh5 46. c5 dxc5+ 47. Kxc5 Ke5 48. Kxb4 Kxd5 49. Ka5 1/2-1/2

[Event "BCF-chT3N 1920 (4NCL)"]
[Site "England"]
[Date "2019.11.10"]
[Round "2.11"]
[White "Sakic, Lorand"]
[Black "Rawlinson, Aidan"]
[Result "0-1"]
[WhiteElo "2035"]
[BlackElo "2170"]
[PlyCount "90"]
[EventDate "2019.11.09"]
[EventType "team-swiss"]
[EventRounds "11"]
[EventCountry "ENG"]
[SourceTitle "EXT 2022"]
[Source "ChessBase"]
[SourceDate "2021.10.06"]
[SourceVersion "1"]
[SourceVersionDate "2021.10.06"]
[SourceQuality "1"]
[WhiteTeam "Bolton & Worsley"]
[BlackTeam "Manchester Manticores II"]
[WhiteTeamCountry "ENG"]
[BlackTeamCountry "ENG"]

1. e4 g6 2. d4 Bg7 3. Nc3 d6 4. Be3 a6 5. a4 Nf6 6. Qd2 d5 7. e5 Ng4 8. Bf4 c5 9. h3 cxd4 10. Qxd4 Nc6 11. Qxd5 Ngxe5 12. 0-0-0 Qb6 13. Be3 Qc7 14. f4 Be6 15. Qd2 Nc4 16. Bxc4 Bxc4 17. Nd5 Bxd5 18. Qxd5 Rd8 19. Qb3 Rxd1+ 20. Kxd1 0-0 21. Ne2 Na5 22. Qb4 Nc4 23. Bc1 Qc6 24. b3 Qxg2 25. Rg1 Qd5+ 26. Ke1 Nd6 27. c4 Qf3 28. Rg3 Qh1+ 29. Rg1 Qxh3 30. c5 a5 31. Qxa5 Ne4 32. Qb6 Qd3 33. Qb5 Bc3+ 34. Nxc3 Qxc3+ 35. Ke2 Qc2+ 36. Ke3 Qf2+ 37. Kxe4 Qxg1 38. Be3 f5+ 39. Kf3 Qh1+ 40. Kf2 Rd8 41. a5 Kg7 42. b4 Rd1 43. a6 g5 44. fxg5 Qg1+ 45. Kf3 Rf1+ 0-1

[Event "HUN-chT2 Toth 1415"]
[Site "Hungary"]
[Date "2015.03.01"]
[Round "9.3"]
[White "Sakic, Lorand"]
[Black "Egyed, Gabor"]
[Result "0-1"]
[WhiteElo "2008"]
[BlackElo "2049"]
[PlyCount "80"]
[EventDate "2014.09.07"]
[EventType "team-tourn"]
[EventRounds "11"]
[EventCountry "HUN"]
[SourceTitle "EXT 2016"]
[Source "ChessBase"]
[SourceDate "2015.10.08"]
[SourceVersion "1"]
[SourceVersionDate "2015.10.08"]
[SourceQuality "1"]
[WhiteTeam "Szentes"]
[BlackTeam "Karcag"]
[WhiteTeamCountry "HUN"]
[BlackTeamCountry "HUN"]

1. e4 c5 2. Nf3 d6 3. d4 cxd4 4. Qxd4 e5 5. Bb5+ Nc6 6. Qd3 Nf6 7. Nc3 a6 8. Bxc6+ bxc6 9. Bg5 h6 10. Bh4 g5 11. Bg3 Be6 12. 0-0-0 Nd7 13. Nd2 Nc5 14. Qe2 Qb6 15. Nc4 Bxc4 16. Qxc4 Rb8 17. b3 Qa5 18. f3 Qa3+ 19. Kb1 Rb4 20. Qe2 Be7 21. Bf2 Ne6 22. h4 Kd7 23. Ka1 Nd4 24. Bxd4 exd4 25. Nb1 Qa5 26. hxg5 Bxg5 27. f4 Bf6 28. Rd3 h5 29. Kb2 Rb5 30. Nd2 Rhb8 31. Nc4 Qb4 32. Rxh5 Qxc4 33. Qg4+ Qe6 34. f5 Qe7 35. Rh7 Re5 36. Qh5 Rf8 37. g4 Rxe4 38. Qh1 Re1 39. Qg2 Bg5 40. a4 d5 0-1

[Event "HUN-chT2 Toth 1415"]
[Site "Hungary"]
[Date "2015.01.25"]
[Round "7.3"]
[White "Sakic, Lorand"]
[Black "Donko, Matyas"]
[Result "1-0"]
[WhiteElo "2008"]
[BlackElo "2022"]
[PlyCount "43"]
[EventDate "2014.09.07"]
[EventType "team-tourn"]
[EventRounds "11"]
[EventCountry "HUN"]
[SourceTitle "EXT 2016"]
[Source "ChessBase"]
[SourceDate "2015.10.08"]
[SourceVersion "1"]
[SourceVersionDate "2015.10.08"]
[SourceQuality "1"]
[WhiteTeam "Szentes"]
[BlackTeam "Takisz"]
[WhiteTeamCountry "HUN"]
[BlackTeamCountry "HUN"]

1. e4 c5 2. Nf3 g6 3. d4 Bg7 4. Nc3 Qa5 5. Be3 Nf6 6. Qd2 cxd4 7. Nxd4 Nc6 8. Nb3 Qc7 9. Bh6 0-0 10. 0-0-0 d6 11. h4 Be6 12. h5 Rac8 13. f3 Ne5 14. Nd4 Nc4 15. Bxc4 Qxc4 16. g4 b5 17. Nf5 Bxf5 18. gxf5 b4 19. hxg6 bxc3 20. gxh7+ Nxh7 21. Qg2 cxb2+ 22. Kb1 1-0

[Event "Senta op 18th"]
[Site "Senta"]
[Date "2014.07.21"]
[Round "4"]
[White "Kosanovic, Goran A"]
[Black "Sakic, Lorand"]
[Result "1-0"]
[WhiteElo "2394"]
[BlackElo "2024"]
[PlyCount "67"]
[EventDate "2014.07.19"]
[EventType "swiss"]
[EventRounds "9"]
[EventCountry "SRB"]
[SourceTitle "CBM 161 Extra"]
[Source "ChessBase"]
[SourceDate "2014.08.29"]
[SourceVersion "1"]
[SourceVersionDate "2014.08.29"]
[SourceQuality "1"]

1. d4 Nf6 2. Bg5 d5 3. Bxf6 exf6 4. e3 Bd6 5. c4 dxc4 6. Bxc4 0-0 7. Nc3 c6 8. Nge2 Be6 9. Bd3 a5 10. Qc2 g6 11. h4 Na6 12. a3 f5 13. h5 Qg5 14. g3 b5 15. Nf4 Bxf4 16. gxf4 Qf6 17. Ne2 Bd5 18. Rg1 Kh8 19. Qd2 Bf3 20. hxg6 fxg6 21. Rg3 Bd5 22. Qxa5 Nc5 23. Qc3 Nxd3+ 24. Qxd3 Bc4 25. Qd2 Bxe2 26. Kxe2 Rfe8 27. Rc1 Rad8 28. Kf1 Qe6 29. Kg1 Qe4 30. Qc2 Rd6 31. Qxe4 Rxe4 32. Kg2 Kg7 33. Rc5 Re7 34. Rxf5 1-0

[Event "Senta op 18th"]
[Site "Senta"]
[Date "2014.07.20"]
[Round "2"]
[White "Zivkovic, Nemanja"]
[Black "Sakic, Lorand"]
[Result "1-0"]
[WhiteElo "2284"]
[BlackElo "2024"]
[PlyCount "95"]
[EventDate "2014.07.19"]
[EventType "swiss"]
[EventRounds "9"]
[EventCountry "SRB"]
[SourceTitle "CBM 161 Extra"]
[Source "ChessBase"]
[SourceDate "2014.08.29"]
[SourceVersion "1"]
[SourceVersionDate "2014.08.29"]
[SourceQuality "1"]

1. e4 e5 2. Nf3 Nf6 3. Nxe5 d6 4. Nf3 Nxe4 5. d4 d5 6. Bd3 Be7 7. 0-0 0-0 8. c4 c6 9. Nc3 Nxc3 10. bxc3 dxc4 11. Bxc4 Nd7 12. Qd3 b5 13. Bb3 Nc5 14. Qc2 Nxb3 15. axb3 Be6 16. Ne5 c5 17. Nc6 Qc7 18. Nxe7+ Qxe7 19. dxc5 a5 20. Be3 f5 21. f3 Qf7 22. c4 bxc4 23. bxc4 Bxc4 24. Rfb1 a4 25. Rb4 Bb3 26. Qc3 Rfb8 27. Rc1 Rxb4 28. Qxb4 Qe6 29. Bd4 Qc6 30. Re1 Re8 31. Rc1 Rd8 32. Bb2 Rc8 33. Qd4 Rc7 34. Qd8+ Kf7 35. Qg5 Qg6 36. Qf4 Rc8 37. Qd4 Re8 38. Qd3 Qe6 39. Kf2 Re7 40. c6 Rc7 41. Qd4 Kg6 42. Rc5 Re7 43. Qd2 Rc7 44. h4 h6 45. Qd4 Re7 46. Kg3 Qe1+ 47. Kh2 Be6 48. Re5 1-0

[Event "Vojvodina-ch 5th"]
[Site "Novi Sad"]
[Date "2014.07.12"]
[Round "1"]
[White "Atalik, Suat"]
[Black "Sakic, Lorand"]
[Result "1-0"]
[WhiteElo "2550"]
[BlackElo "2024"]
[PlyCount "59"]
[EventDate "2014.07.12"]
[EventType "swiss"]
[EventRounds "9"]
[EventCountry "YUG"]
[SourceTitle "CBM 163"]
[Source "ChessBase"]
[SourceDate "2014.11.11"]
[SourceVersion "1"]
[SourceVersionDate "2014.11.11"]
[SourceQuality "1"]

1. e4 e5 2. Nf3 Nf6 3. Nc3 Nc6 4. Be2 Bc5 5. Nxe5 Bxf2+ 6. Kxf2 Nxe5 7. d4 Ng6 8. h4 d5 9. exd5 Nxd5 10. Nxd5 Qxd5 11. Bf3 Qd6 12. c4 0-0 13. c5 Qd8 14. Bg5 f6 15. Be3 c6 16. Qb3+ Kh8 17. Rad1 Ne7 18. Bf4 Re8 19. Rhe1 Ng6 20. Bc7 Qd7 21. Rxe8+ Qxe8 22. Re1 Qg8 23. h5 Nh4 24. Qxg8+ Kxg8 25. Bd1 Bd7 26. Re7 Be8 27. Bb3+ Kh8 28. g4 g5 29. Ba5 f5 30. Bc3 1-0

[Event "Senta-ch"]
[Site "Senta"]
[Date "2014.02.15"]
[Round "9"]
[White "Sakic, Lorand"]
[Black "Mrzic, Branko"]
[Result "1/2-1/2"]
[WhiteElo "1987"]
[BlackElo "1855"]
[PlyCount "94"]
[EventDate "2014.01.24"]
[EventType "swiss"]
[EventRounds "9"]
[EventCountry "SRB"]
[SourceTitle "EXT 2016"]
[Source "ChessBase"]
[SourceDate "2015.10.08"]
[SourceVersion "1"]
[SourceVersionDate "2015.10.08"]
[SourceQuality "1"]

1. e4 c6 2. d4 d5 3. exd5 cxd5 4. c4 Nf6 5. Nc3 e6 6. Nf3 Nc6 7. c5 g6 8. Bf4 Nh5 9. Bg5 Nf6 10. Nb5 Be7 11. Bh6 Ne4 12. a3 a6 13. Nc3 Nxc3 14. bxc3 Bf6 15. Be2 e5 16. 0-0 e4 17. Ne1 Bg5 18. Bg7 Rg8 19. Be5 Nxe5 20. dxe5 Bf4 21. Qd4 Qe7 22. g3 Bxe5 23. Qxd5 Bxc3 24. Rb1 Qe5 25. Bc4 Rg7 26. Ng2 g5 27. Rfc1 Bd4 28. Ne3 f5 29. Rb6 Qxd5 30. Bxd5 Rc7 31. Rh6 Rxc5 32. Rxc5 Bxc5 33. Rxh7 Bxa3 34. Bxb7 Bxb7 35. Rxb7 f4 36. Nc4 Bc5 37. Rc7 Bb4 38. gxf4 gxf4 39. h4 Rd8 40. Rc6 Rd4 41. h5 Rd7 42. Rxa6 e3 43. fxe3 fxe3 44. Nxe3 Bc5 45. Re6+ Kf7 46. Re5 Bxe3+ 47. Rxe3 Rd5 1/2-1/2

[Event "Senta-ch"]
[Site "Senta"]
[Date "2014.02.08"]
[Round "5"]
[White "Sakic, Lorand"]
[Black "Simonyi, Zoltan"]
[Result "0-1"]
[WhiteElo "1987"]
[BlackElo "2271"]
[PlyCount "64"]
[EventDate "2014.01.24"]
[EventType "swiss"]
[EventRounds "9"]
[EventCountry "SRB"]
[SourceTitle "EXT 2016"]
[Source "ChessBase"]
[SourceDate "2015.10.08"]
[SourceVersion "1"]
[SourceVersionDate "2015.10.08"]
[SourceQuality "1"]

1. e4 e6 2. d4 d5 3. Nc3 Bb4 4. a3 Bxc3+ 5. bxc3 dxe4 6. Qg4 Nf6 7. Qxg7 Rg8 8. Qh6 Bd7 9. Bg5 Rg6 10. Qh4 Bc6 11. Ne2 h6 12. Bxh6 Rg4 13. Qh3 Nbd7 14. Bf4 Rg8 15. c4 Nb6 16. Qc3 Qe7 17. Qb4 Qxb4+ 18. axb4 Nxc4 19. Bxc7 Nd5 20. Nf4 Nxc7 21. Bxc4 Ke7 22. Ke2 Bb5 23. Bxb5 Nxb5 24. Ke3 Rac8 25. Rhc1 Rc3+ 26. Kd2 a6 27. g3 Rf3 28. Ke1 Nxd4 29. Rab1 Rc3 30. Rd1 Nf3+ 31. Kf1 Rxc2 32. Rb3 Nd2+ 0-1

[Event "Senta-ch"]
[Site "Senta"]
[Date "2014.01.31"]
[Round "4"]
[White "Olajos, Gyozo"]
[Black "Sakic, Lorand"]
[Result "0-1"]
[WhiteElo "1676"]
[BlackElo "1987"]
[PlyCount "82"]
[EventDate "2014.01.24"]
[EventType "swiss"]
[EventRounds "9"]
[EventCountry "SRB"]
[SourceTitle "EXT 2016"]
[Source "ChessBase"]
[SourceDate "2015.10.08"]
[SourceVersion "1"]
[SourceVersionDate "2015.10.08"]
[SourceQuality "1"]

1. d4 Nf6 2. c4 c5 3. Nf3 cxd4 4. Nxd4 Nc6 5. Nb3 g6 6. Nc3 Bg7 7. e3 0-0 8. Bd3 Ne5 9. Be2 b6 10. f4 Nc6 11. Bf3 Ba6 12. Nd2 Rc8 13. b3 d5 14. 0-0 dxc4 15. bxc4 Na5 16. Qa4 Bxc4 17. Rd1 Qc7 18. Bb2 Rfd8 19. Rac1 Qc5 20. Nxc4 Nxc4 21. Rxd8+ Rxd8 22. Nd1 Nxb2 23. Rxc5 Nxa4 24. Rc7 a5 25. Rxe7 Nd5 26. Re4 Ndc3 27. Rc4 Nxd1 28. Rxa4 Nxe3 29. h3 Nd5 30. Kh2 Nc3 31. Ra3 a4 32. Bc6 Rc8 33. Bxa4 Ra8 34. Rxc3 Bxc3 35. Bb3 Rd8 36. Kg3 Kg7 37. Bc4 f5 38. Kf3 Rd2 39. a4 Bd4 40. Bb5 h5 41. Bc6 h4 0-1

[Event "HUN-chT2 Toth 1314"]
[Site "Hungary"]
[Date "2013.10.20"]
[Round "3.5"]
[White "Pallos, Laszlo"]
[Black "Sakic, Lorand"]
[Result "0-1"]
[WhiteElo "2014"]
[BlackElo "1962"]
[PlyCount "112"]
[EventDate "2013.09.08"]
[EventType "team-tourn"]
[EventRounds "11"]
[EventCountry "HUN"]
[SourceTitle "EXT 2016"]
[Source "ChessBase"]
[SourceDate "2015.10.08"]
[SourceVersion "1"]
[SourceVersionDate "2015.10.08"]
[SourceQuality "1"]
[WhiteTeam "Abony"]
[BlackTeam "Szentes"]
[WhiteTeamCountry "HUN"]
[BlackTeamCountry "HUN"]

1. Nf3 Nf6 2. g3 g6 3. Bg2 Bg7 4. 0-0 0-0 5. c4 c5 6. Nc3 Nc6 7. a3 d5 8. cxd5 Nxd5 9. Qc2 Nxc3 10. bxc3 Rb8 11. Rb1 b6 12. d3 Bb7 13. Bf4 e5 14. Bg5 Qc7 15. Bd2 Rbd8 16. h3 Ne7 17. Nh4 Bxg2 18. Nxg2 Qd7 19. Kh2 e4 20. Ne1 exd3 21. exd3 Nc6 22. Rd1 Ne5 23. Bg5 f6 24. Bc1 Qd5 25. f4 Nc6 26. Qg2 Qd7 27. Nf3 Rfe8 28. d4 cxd4 29. cxd4 Qd5 30. Bb2 Re3 31. Rde1 Rde8 32. Qf2 Rxe1 33. Rxe1 Rxe1 34. Nxe1 Qe4 35. Qf3 Qxe1 36. Qxc6 Qd2+ 37. Qg2 Qxg2+ 38. Kxg2 f5 39. Kf3 Kf7 40. Ke3 Ke7 41. Kd3 Kd6 42. Bc3 Kd5 43. Bb2 b5 44. Bc3 Bf6 45. Bb2 Be7 46. Bc1 Bd6 47. h4 Bf8 48. Bb2 Be7 49. Bc1 Bd6 50. Bb2 a5 51. Bc1 a4 52. Bb2 b4 53. axb4 Bxb4 54. Ke3 Kc4 55. Ba1 a3 56. d5 Kxd5 0-1

[Event "Senta op-A 17th"]
[Site "Senta"]
[Date "2013.07.13"]
[Round "1"]
[White "Farkas, Tibor"]
[Black "Sakic, Lorand"]
[Result "1-0"]
[WhiteElo "2250"]
[BlackElo "1971"]
[PlyCount "37"]
[EventDate "2013.07.13"]
[EventType "swiss"]
[EventRounds "9"]
[EventCountry "SRB"]
[SourceTitle "EXT 2014"]
[Source "ChessBase"]
[SourceDate "2013.11.20"]
[SourceVersion "1"]
[SourceVersionDate "2013.11.20"]
[SourceQuality "1"]

1. e4 e5 2. Nf3 Nc6 3. Bb5 a6 4. Ba4 Nf6 5. d4 Nxe4 6. Qe2 Nf6 7. dxe5 Ng4 8. Nc3 Bb4 9. h3 Nh6 10. Bg5 Ne7 11. Qd2 Nhg8 12. a3 Bxc3 13. Qxc3 h6 14. Bh4 c6 15. Bb3 Kf8 16. 0-0-0 b5 17. Qc5 g5 18. Bg3 Kg7 19. Nd4 1-0

[Event "Senta op-A 16th"]
[Site "Senta"]
[Date "2012.07.19"]
[Round "7"]
[White "Sakic, Lorand"]
[Black "Stojkovska, Monika"]
[Result "1/2-1/2"]
[WhiteElo "1971"]
[BlackElo "1909"]
[PlyCount "148"]
[EventDate "2012.07.14"]
[EventType "swiss"]
[EventRounds "9"]
[EventCountry "SRB"]
[SourceTitle "CBM 149 Extra"]
[Source "ChessBase"]
[SourceDate "2012.08.24"]
[SourceVersion "1"]
[SourceVersionDate "2012.08.24"]
[SourceQuality "1"]

1. e4 c5 2. Nf3 d6 3. d4 cxd4 4. Qxd4 a6 5. Bc4 Nc6 6. Qd3 e6 7. 0-0 Be7 8. Bf4 Qc7 9. Rd1 Na5 10. Bb3 Nxb3 11. cxb3 e5 12. Bg5 Nf6 13. Nc3 Be6 14. Rac1 Qa5 15. Bxf6 gxf6 16. Nd5 Bxd5 17. Qxd5 Qxd5 18. Rxd5 Kd7 19. Kf1 Rac8 20. Rc3 Ke6 21. Nh4 Rc6 22. Ke2 Rhc8 23. Kd3 b5 24. Nf5 Kd7 25. Kd2 b4 26. Rxc6 Rxc6 27. Rd3 Rc8 28. Rh3 Rh8 29. Kd3 Ke6 30. Ne3 a5 31. Kc4 Bd8 32. Rh6 Kd7 33. Nd5 f5 34. exf5 Bg5 35. Rh5 h6 36. f4 Bxf4 37. Nxf4 exf4 38. Kd5 Ke7 39. Ke4 Rg8 40. Kf3 Kf6 41. Rxh6+ Ke5 42. f6 d5 43. Rh5+ Ke6 44. Rh4 Kxf6 45. Rxf4+ Ke6 46. g4 f6 47. h4 Rh8 48. Kg3 Rd8 49. Kf3 Rh8 50. h5 Rc8 51. Ke3 Rc2 52. Rf2 d4+ 53. Kf3 Rc8 54. Ke4 Rg8 55. Rg2 Rd8 56. Rd2 Rg8 57. Rg2 Rd8 58. Rg3 Kf7 59. Rd3 Rg8 60. Rg3 Rd8 61. Rf3 Ke6 62. Kd3 Rd5 63. Rf4 Rg5 64. Kxd4 Rd5+ 65. Ke3 Rd1 66. Rf5 Rg1 67. Rf4 Rg2 68. a3 Rxb2 69. axb4 Rxb3+ 70. Kf2 axb4 71. h6 Rh3 72. Rxb4 Rxh6 73. Kf3 Rh1 74. Rb6+ Kf7 1/2-1/2

[Event "Senta op-A 16th"]
[Site "Senta"]
[Date "2012.07.17"]
[Round "5"]
[White "Sakic, Lorand"]
[Black "Dudukovic, Nikola"]
[Result "1/2-1/2"]
[WhiteElo "1971"]
[BlackElo "2302"]
[PlyCount "82"]
[EventDate "2012.07.14"]
[EventType "swiss"]
[EventRounds "9"]
[EventCountry "SRB"]
[SourceTitle "CBM 149 Extra"]
[Source "ChessBase"]
[SourceDate "2012.08.24"]
[SourceVersion "1"]
[SourceVersionDate "2012.08.24"]
[SourceQuality "1"]

1. e4 e6 2. d4 d5 3. Nc3 Nf6 4. Bg5 Bb4 5. e5 h6 6. exf6 hxg5 7. fxg7 Rg8 8. Qh5 Qf6 9. 0-0-0 Bxc3 10. bxc3 Qxg7 11. Nf3 Nd7 12. Nd2 Nf6 13. Qf3 Bd7 14. h4 0-0-0 15. Be2 Bc6 16. g4 gxh4 17. Rxh4 Nd7 18. Rdh1 Qf8 19. Kb1 Qa3 20. Ka1 Ba4 21. Nb1 Qd6 22. Bd3 f6 23. Qe3 c5 24. Qc1 Kb8 25. Qa3 Bc6 26. f3 Qf4 27. dxc5 Qe3 28. Qb4 e5 29. Bb5 Rc8 30. Rh7 Nxc5 31. Re7 Bxb5 32. Qxb5 Rh8 33. Rxh8 Rxh8 34. Re8+ Rxe8 35. Qxe8+ Kc7 36. Qf7+ Nd7 37. Qxd5 a6 38. Kb2 Qb6+ 39. Kc1 Qe3+ 40. Kb2 Qb6+ 41. Kc1 Qe3+ 1/2-1/2

[Event "Backa Topola-ch"]
[Site "Backa Topola"]
[Date "2011.11.23"]
[Round "6"]
[White "Kocic, Milorad"]
[Black "Sakic, Lorand"]
[Result "1-0"]
[WhiteElo "1880"]
[BlackElo "2016"]
[PlyCount "113"]
[EventDate "2011.11.11"]
[EventType "swiss"]
[EventRounds "9"]
[EventCountry "SRB"]
[SourceTitle "CBM 145 Extra"]
[Source "ChessBase"]
[SourceDate "2012.01.03"]
[SourceVersion "1"]
[SourceVersionDate "2012.01.03"]
[SourceQuality "1"]

1. e4 e5 2. Nc3 Nc6 3. Nf3 Nf6 4. Bc4 Bc5 5. d3 d6 6. h3 Be6 7. Bxe6 fxe6 8. 0-0 0-0 9. Ne2 Ne7 10. Ng3 Ng6 11. c3 Qd7 12. a4 a5 13. Qb3 h6 14. d4 exd4 15. cxd4 Bb6 16. Qc2 e5 17. Be3 Rae8 18. Rae1 Qf7 19. dxe5 dxe5 20. Bd2 Nf4 21. Kh2 Nd7 22. Nf5 Kh7 23. g3 Ne6 24. Ng1 Nec5 25. f3 Re6 26. b4 axb4 27. Bxb4 Ra8 28. Ra1 Na6 29. Bd2 Rc6 30. Qb1 Nac5 31. a5 Nb3 32. Qa2 Rxa5 33. Bxa5 Qc4 34. Bxb6 Nxa1 35. Qxc4 Rxc4 36. Rxa1 Rc2+ 37. Kh1 Nxb6 38. Ne3 Rb2 39. Rc1 c6 40. Rc2 Rb1 41. Kg2 Nd7 42. Ne2 Rb3 43. Kf2 Kg6 44. f4 exf4 45. gxf4 Nf6 46. Kf3 Ne8 47. e5 Nc7 48. Ke4 Rb4+ 49. Rc4 Rb2 50. Nd4 Kh5 51. f5 Kh4 52. f6 gxf6 53. exf6 Ne8 54. Ke5 Rf2 55. Ndf5+ Kh5 56. f7 Ng7 57. f8Q 1-0

[Event "Backa Topola-ch"]
[Site "Backa Topola"]
[Date "2011.11.14"]
[Round "2"]
[White "Petkovic, Radosav"]
[Black "Sakic, Lorand"]
[Result "1-0"]
[WhiteElo "2304"]
[BlackElo "2016"]
[PlyCount "123"]
[EventDate "2011.11.11"]
[EventType "swiss"]
[EventRounds "9"]
[EventCountry "SRB"]
[SourceTitle "CBM 145 Extra"]
[Source "ChessBase"]
[SourceDate "2012.01.03"]
[SourceVersion "1"]
[SourceVersionDate "2012.01.03"]
[SourceQuality "1"]

1. e4 e6 2. d4 d5 3. Nc3 Nf6 4. e5 Nfd7 5. f4 c5 6. Nf3 Nc6 7. Ne2 cxd4 8. Nexd4 Bc5 9. c3 Nxd4 10. cxd4 Bb4+ 11. Bd2 Bxd2+ 12. Qxd2 0-0 13. Bd3 f5 14. 0-0 Nb8 15. Rad1 Nc6 16. Qf2 Bd7 17. Kh1 Qe7 18. Rg1 Be8 19. h3 h6 20. Qe3 Rc8 21. Bb1 Bh5 22. g4 Bg6 23. Rd2 fxg4 24. Bxg6 gxf3 25. Qxf3 Qh4 26. Qg2 Rc7 27. f5 exf5 28. Qxd5+ Kh8 29. e6 Qxh3+ 30. Rh2 Qe3 31. Bf7 Qxd4 32. Qxf5 Qe5 33. Qg6 Qd5+ 34. Rhg2 Qd4 35. Rg4 Qd5+ 36. R1g2 Qe5 37. Re4 Qf6 38. Qxf6 gxf6 39. Rh4 Rfxf7 40. exf7 Rxf7 41. Rxh6+ Rh7 42. Rxh7+ Kxh7 43. Rd2 Ne5 44. Rd8 Kg6 45. Rb8 b6 46. Rb7 Nc6 47. Rc7 Nb4 48. Rxa7 Kf5 49. a3 Nd5 50. Kg2 Ke4 51. Kf2 Kd3 52. Rd7 Kc4 53. Ke2 f5 54. Kd2 f4 55. Rd8 Kd4 56. a4 Kc4 57. b3+ Kc5 58. Kd3 Nb4+ 59. Ke4 Nc2 60. Rc8+ Kb4 61. Rxc2 Kxb3 62. Rc6 1-0

[Event "Senta January op"]
[Site "Senta"]
[Date "2011.02.05"]
[Round "6"]
[White "Mrzic, Branko"]
[Black "Sakic, Lorand"]
[Result "0-1"]
[WhiteElo "1890"]
[BlackElo "2019"]
[PlyCount "76"]
[EventDate "2011.01.21"]
[EventType "swiss"]
[EventRounds "9"]
[EventCountry "SRB"]
[SourceTitle "CBM 140 Extra"]
[Source "ChessBase"]
[SourceDate "2011.03.01"]
[SourceVersion "1"]
[SourceVersionDate "2011.03.01"]
[SourceQuality "1"]

1. d4 d5 2. c4 c6 3. Nf3 Nf6 4. Nc3 dxc4 5. a4 Bf5 6. Ne5 Nbd7 7. Nxc4 e6 8. e3 Bb4 9. Bd3 0-0 10. Qc2 Bxd3 11. Qxd3 b5 12. Nd2 Nc5 13. Qc2 Bxc3 14. Qxc3 Nxa4 15. Qxc6 Qa5 16. 0-0 Rac8 17. Qd6 Rxc1 18. Raxc1 Qxd2 19. Qc6 Qb4 20. h3 h6 21. Rfd1 Nd5 22. g3 Nxb2 23. Rf1 Nd3 24. Ra1 Nc3 25. Rxa7 Qb2 26. Raa1 b4 27. Qc4 Ne2+ 28. Kg2 Qc3 29. Qb5 Rc8 30. Rad1 Nec1 31. Qa6 Qc6+ 32. Qxc6 Rxc6 33. e4 b3 34. d5 exd5 35. exd5 Rc8 36. d6 b2 37. d7 Rd8 38. Rxd3 Nxd3 0-1

[Event "Senta January op"]
[Site "Senta"]
[Date "2011.01.22"]
[Round "2"]
[White "Juhasz, Bencze"]
[Black "Sakic, Lorand"]
[Result "1/2-1/2"]
[WhiteElo "1901"]
[BlackElo "2019"]
[PlyCount "89"]
[EventDate "2011.01.21"]
[EventType "swiss"]
[EventRounds "9"]
[EventCountry "SRB"]
[SourceTitle "CBM 140 Extra"]
[Source "ChessBase"]
[SourceDate "2011.03.01"]
[SourceVersion "1"]
[SourceVersionDate "2011.03.01"]
[SourceQuality "1"]

1. e4 e5 2. Nf3 Nc6 3. Bb5 a6 4. Ba4 Nf6 5. 0-0 Nxe4 6. d4 b5 7. Bb3 d5 8. dxe5 Be6 9. c3 Bc5 10. Nbd2 0-0 11. Bc2 f5 12. Nb3 Bb6 13. Nfd4 Nxd4 14. Nxd4 Bxd4 15. Qxd4 c5 16. Qe3 f4 17. Qe2 f3 18. gxf3 Ng5 19. Bxg5 Qxg5+ 20. Kh1 Qf4 21. a4 b4 22. cxb4 cxb4 23. a5 Qxf3+ 24. Qxf3 Rxf3 25. Bd1 Rf4 26. f3 Rc8 27. Bb3 Kf7 28. Kg2 d4 29. Kg3 g5 30. Rfc1 Rxc1 31. Bxe6+ Kxe6 32. Rxc1 d3 33. Kf2 d2 34. Rc6+ Kxe5 35. Ke2 Rd4 36. Kd1 Rd6 37. Rxd6 Kxd6 38. Kxd2 Kd5 39. Kd3 Kc5 40. b3 Kb5 41. Kd4 Kxa5 42. Kc5 h5 43. h3 g4 44. fxg4 hxg4 45. hxg4 1/2-1/2

[Event "Senta January op"]
[Site "Senta"]
[Date "2011.01.21"]
[Round "1"]
[White "Sakic, Lorand"]
[Black "Farkas, Istvan"]
[Result "1-0"]
[WhiteElo "2019"]
[BlackElo "1595"]
[PlyCount "45"]
[EventDate "2011.01.21"]
[EventType "swiss"]
[EventRounds "9"]
[EventCountry "SRB"]
[SourceTitle "CBM 140 Extra"]
[Source "ChessBase"]
[SourceDate "2011.03.01"]
[SourceVersion "1"]
[SourceVersionDate "2011.03.01"]
[SourceQuality "1"]

1. e4 c5 2. Nf3 Nc6 3. Bb5 a6 4. Bxc6 bxc6 5. 0-0 d6 6. c3 e5 7. d4 cxd4 8. cxd4 exd4 9. Nxd4 Bb7 10. Nc3 Nf6 11. Nf5 g6 12. Ng3 Bg7 13. Bf4 d5 14. exd5 Nxd5 15. Nxd5 Qxd5 16. Re1+ Kf8 17. Qxd5 cxd5 18. Rac1 Bf6 19. Rc7 Bc8 20. Bh6+ Bg7 21. Bxg7+ Kxg7 22. Ree7 Be6 23. Rxe6 1-0

[Event "Senta op-B 14th"]
[Site "Senta"]
[Date "2010.07.23"]
[Round "8"]
[White "Grabez, Vojko"]
[Black "Sakic, Lorand"]
[Result "1/2-1/2"]
[WhiteElo "2079"]
[BlackElo "1961"]
[PlyCount "97"]
[EventDate "2010.07.17"]
[EventType "swiss"]
[EventRounds "9"]
[EventCountry "YUG"]
[SourceTitle "EXT 2011"]
[Source "ChessBase"]
[SourceDate "2010.11.26"]
[SourceVersion "1"]
[SourceVersionDate "2010.11.26"]
[SourceQuality "1"]

1. c4 e5 2. Nc3 Nc6 3. g3 Nf6 4. Bg2 Bb4 5. d3 d5 6. cxd5 Nxd5 7. Bd2 Be6 8. Nf3 0-0 9. 0-0 f6 10. a3 Ba5 11. Rc1 Qd7 12. Re1 Bb6 13. Na4 Rad8 14. Qc2 Qf7 15. Nc5 Bxc5 16. Qxc5 Qd7 17. Red1 Rf7 18. b4 a6 19. Qc2 Na7 20. Ra1 c6 21. d4 exd4 22. Nxd4 Bh3 23. Bh1 Qe8 24. e3 Nb5 25. Nb3 Qe5 26. a4 Nbc7 27. e4 Nb6 28. Nc5 Ne6 29. Bc3 Qc7 30. a5 Nc8 31. Rxd8+ Qxd8 32. Rd1 Qe7 33. Rd7 Qe8 34. Rd2 Na7 35. Bd4 Nb5 36. Be3 Nxc5 37. Bxc5 Rd7 38. f4 Qd8 39. Rxd7 Qxd7 40. Kf2 Be6 41. Bf3 Nd4 42. Qd2 Nxf3 43. Qxd7 Bxd7 44. Kxf3 h5 45. Ke3 Kh7 46. h4 f5 47. Bd6 Be6 48. Be5 g6 49. Kd4 1/2-1/2